000 00328nam a2200121 a 4500
005 20141022141959.0
008 120229s19uu xx 00 eng d
050 _aCD
_bC16 2006
100 _aCancellaro, Joseph
245 _aExploring sound design for interactive media /
_cJoseph Cancellaro.
260 _c2006.
942 _cAVM
999 _c276158
_d276158